00627nam a2200157 a 45000010005000000030009000050080041000140400028000550820015000831000029000982450046001272600031001733000010002045050244002146500011004587112CO-ViMGA141112s2004 ck r 000 u spa d aCO-ViMGAbspacCO-ViMGA04a631.4 F4791 aFitzpatrick, Ewart Adsil10aIntroducción a la ciencia de los suelos aMexico : bTrillas, c1996 a288 p aFormación del suelo Procesos dentro de los sistemas de suelos Propíedades de los suelos Nomenclatura de los horizontes Fertilidad del suelo y uso de la tierra Suelos del mundo Geografía de los suelos del mundo Mapeo y mapas del suelo14aSUELOS